000
00313nam a22001217a 4500
008
180806b xxu||||| |||| 00| 0 eng d
082
_a
813.52
245
_a
A projekt menagement simulation for classroom instruction
_c
PINTO.J.K
260
_c
2003
300
_a
1
_f
cd
440
_x
9780072480870
942
_2
ddc
_c
MX
999
_c
46852
_d
46852